[Event "Ch-Fra Fem"]
[Site "Meribel"]
[Date "1998.08.26"]
[Round "7"]
[White "Bramme, Emmanuelle"]
[Black "Lebel, Julia"]
[Result "0-1"]
[WhiteElo "2105"]
[BlackElo "2095"]
[PlyCount "62"]
[EventDate "1998.08.??"]

1. d4 g6 2. Nf3 Bg7 3. c3 d6 4. Bf4 Nd7 5. Nbd2 e5 6. Bg5 f6 7. Bh4 Nh6 8. e4
Qe7 9. h3 Nf7 10. Bc4 O-O 11. O-O c6 12. d5 Nb6 13. Bb3 cxd5 14. a4 a5 15. exd5
g5 16. Bg3 f5 17. Qe2 Qf6 18. Rfc1 Nd7 19. Bc2 h5 20. Rab1 h4 21. Bh2 Nh6 22.
b4 axb4 23. Rxb4 g4 24. hxg4 Nxg4 25. Bxf5 Qxf5 26. Nxh4 Qxf2+ 27. Qxf2 Nxf2
28. Rf1 Nd3 29. Rg4 Rxf1+ 30. Kxf1 Nf6 31. Rg5 Rxa4 0-1

[Event "Ch-Fra Fem"]
[Site "Meribel"]
[Date "1998.08.26"]
[Round "7"]
[White "Dacalor, Aurelie"]
[Black "Muller, Anne"]
[Result "1/2-1/2"]
[WhiteElo "210"]
[BlackElo "2095"]
[PlyCount "81"]
[EventDate "1998.08.??"]

1. d4 Nf6 2. c4 e6 3. Nc3 Bb4 4. Bg5 h6 5. Bxf6 Qxf6 6. Rc1 O-O 7. a3 Bxc3+ 8.
Rxc3 d6 9. e3 e5 10. Nf3 Qe7 11. Be2 Bf5 12. O-O Nd7 13. Qc1 c5 14. b4 exd4 15.
Rb3 dxe3 16. Rxe3 Qf6 17. Rd1 Rad8 18. Rb3 b6 19. Ne1 Ne5 20. f4 Nc6 21. Nf3
Rfe8 22. Qb2 Qxb2 23. Rxb2 Re3 24. b5 Ne7 25. Rbd2 Rxa3 26. Rxd6 Rxd6 27. Rxd6
Ra2 28. Kf2 f6 29. Rd2 Rxd2 30. Nxd2 Bc2 31. g4 Kf7 32. Ke3 f5 33. h3 Kf6 34.
Nf3 Nc8 35. Ne5 Nd6 36. Nc6 Bb3 37. Ne5 fxg4 38. hxg4 Ba2 39. Bd3 Bb3 40. Be2
Ba2 41. Bd3 1/2-1/2

[Event "Ch-Fra Fem"]
[Site "Meribel"]
[Date "1998.08.26"]
[Round "7"]
[White "Gervais, Claire"]
[Black "Husson, Cybele"]
[Result "1-0"]
[WhiteElo "2240"]
[BlackElo "2065"]
[PlyCount "83"]
[EventDate "1998.08.??"]

1. d4 d5 2. c4 e6 3. Nc3 Nf6 4. cxd5 exd5 5. Bg5 c6 6. e3 Be7 7. Bd3 Nbd7 8.
Nge2 Nh5 9. Bxe7 Qxe7 10. g4 Nhf6 11. Ng3 g6 12. h3 Nb6 13. Qc2 Bd7 14. O-O-O
O-O-O 15. Kb1 Kb8 16. Rhe1 h5 17. g5 Ne4 18. h4 Nxc3+ 19. bxc3 c5 20. Qb2 Bg4
21. Rc1 c4 22. Bf1 Bf3 23. Qc2 f5 24. Be2 Bxe2 25. Nxe2 Nc8 26. Nf4 Rd6 27. Ka1
Qf7 28. Rb1 Rhd8 29. Rb4 Rb6 30. Reb1 Rdd6 31. Rxb6 Rxb6 32. Rxb6 axb6 33. Qb2
Kc7 34. Qb5 Kd6 35. a4 Na7 36. Qxb6+ Nc6 37. Qc5+ Kd7 38. Nxd5 Qe6 39. Nf6+ Kd8
40. d5 Qe7 41. Qb6+ Kc8 42. dxc6 1-0

[Event "Ch-Fra Fem"]
[Site "Meribel"]
[Date "1998.08.26"]
[Round "7"]
[White "Klipper, Rebecca"]
[Black "Sahetchian, Armine"]
[Result "1/2-1/2"]
[WhiteElo "2055"]
[BlackElo "2110"]
[PlyCount "89"]
[EventDate "1998.08.??"]

1. d4 Nf6 2. c4 e6 3. Nc3 Bb4 4. Bg5 h6 5. Bh4 O-O 6. e3 Be7 7. Bd3 d5 8. cxd5
Nxd5 9. Bxe7 Qxe7 10. Nge2 Nb4 11. Be4 e5 12. a3 exd4 13. Nxd4 N4a6 14. Qc2 c6
15. O-O Nd7 16. Nf5 Qf6 17. Rad1 Ndc5 18. Nd6 Nxe4 19. Ncxe4 Qe7 20. Nxc8 Raxc8
21. Rd2 Rfd8 22. Rfd1 Rxd2 23. Rxd2 Rd8 24. Ng3 Rxd2 25. Qxd2 Nc5 26. Qd4 b6
27. Nf5 Qf8 28. Qg4 Kh8 29. Nd4 Nd3 30. Qe2 Ne5 31. f4 Nd7 32. Nxc6 a5 33. Qd2
Qe8 34. Nd4 Nc5 35. Nc2 Qe4 36. Kf1 Qc4+ 37. Kg1 Ne4 38. Qd1 Qb3 39. Qc1 Nc5
40. Nd4 Qd3 41. b4 axb4 42. axb4 Ne4 43. Qc8+ Kh7 44. Qf5+ Kg8 45. Qc8+ 1/2-1/2

[Event "Ch-Fra Fem"]
[Site "Meribel"]
[Date "1998.08.27"]
[Round "8"]
[White "Dubois, Martine"]
[Black "Muller, Anne"]
[Result "1/2-1/2"]
[WhiteElo "2055"]
[BlackElo "2095"]
[PlyCount "131"]
[EventDate "1998.08.??"]

1. e4 c5 2. Nf3 Nc6 3. c3 d6 4. d4 cxd4 5. cxd4 Nf6 6. d5 Nb8 7. Nc3 Nbd7 8.
Be3 g6 9. h3 Bg7 10. Bd3 O-O 11. O-O a6 12. Nh2 b5 13. f4 Bb7 14. Qd2 Rc8 15.
Rae1 Nc5 16. Bd4 b4 17. Nd1 Nxd3 18. Qxd3 Qd7 19. b3 a5 20. Nb2 Ra8 21. Nc4 Ba6
22. Rf2 Rfc8 23. Rc2 e6 24. Bxf6 Bxf6 25. Ng4 Bg7 26. Nge3 Rab8 27. dxe6 Qxe6
28. Qd5 Qxd5 29. Nxd5 Kf8 30. Rec1 Bxc4 31. Rxc4 Rxc4 32. Rxc4 Bb2 33. g4 Re8
34. g5 Kg7 35. Kg2 h6 36. h4 hxg5 37. hxg5 Rh8 38. Rc6 Re8 39. Kf3 Rb8 40. Rxd6
Ra8 41. f5 gxf5 42. exf5 a4 43. Kg4 axb3 44. f6+ Kf8 45. axb3 Be5 46. Rd7 Bc3
47. Nxc3 bxc3 48. Rc7 Rb8 49. Rxc3 Ke8 50. Re3+ Kf8 51. Rc3 Ke8 52. Kh5 Rb5 53.
Rc8+ Kd7 54. Rf8 Ke6 55. Re8+ Kf5 56. Re1 Rxb3 57. Rf1+ Ke6 58. Rf4 Rb1 59. Rf2
Rg1 60. Kh4 Ke5 61. Ra2 Kf4 62. Ra4+ Kf5 63. Ra5+ Kg6 64. Re5 Rh1+ 65. Kg4 Rg1+
66. Kh4 1/2-1/2

[Event "Ch-Fra Fem"]
[Site "Meribel"]
[Date "1998.08.27"]
[Round "8"]
[White "Flear, Christine"]
[Black "Delahaye, Raphaelle"]
[Result "1-0"]
[WhiteElo "2230"]
[BlackElo "2195"]
[PlyCount "77"]
[EventDate "1998.08.??"]

1. d4 e6 2. c4 f5 3. Nc3 Nf6 4. Nf3 d5 5. Bf4 c6 6. e3 Be7 7. Bd3 O-O 8. Qc2
Ne4 9. g4 Qa5 10. gxf5 exf5 11. Ke2 Be6 12. Ne5 Na6 13. a3 Nxc3+ 14. Qxc3 Qxc3
15. bxc3 dxc4 16. Nxc4 Rac8 17. Rhb1 b5 18. Na5 Bd8 19. Nb3 Nc7 20. Nc5 Bd5 21.
a4 a6 22. Nd7 Rf7 23. Nb6 Rb8 24. Nxd5 cxd5 25. axb5 axb5 26. c4 b4 27. cxd5
Kh8 28. Ra7 Ra8 29. Rba1 Rxa7 30. Rxa7 g5 31. Be5+ Kg8 32. Bc4 Nb5 33. Ra8 Nc3+
34. Kd3 Rd7 35. Bf6 Kf7 36. Bxd8 h6 37. d6+ Kg6 38. Bc7 Kf6 39. Rb8 1-0

[Event "Ch-Fra Fem"]
[Site "Meribel"]
[Date "1998.08.27"]
[Round "8"]
[White "Lebel, Julia"]
[Black "Gervais, Claire"]
[Result "0-1"]
[WhiteElo "2095"]
[BlackElo "2240"]
[PlyCount "86"]
[EventDate "1998.08.??"]

1. d4 Nf6 2. Nf3 e6 3. Bg5 h6 4. Bf4 b6 5. Nbd2 Nh5 6. Be3 Bb7 7. g3 d6 8. Bg2
Nd7 9. c4 g6 10. Qc2 Qe7 11. Rd1 Nhf6 12. Nh4 Bxg2 13. Nxg2 Bg7 14. b4 O-O 15.
f3 Rfe8 16. Bf2 e5 17. d5 e4 18. O-O h5 19. Nb3 exf3 20. exf3 Qe2 21. Rd2 Qxf3
22. Bxb6 Qe4 23. Bd4 Qxc2 24. Rxc2 Ne5 25. Nf4 Nfg4 26. Ng2 Nd7 27. Bxg7 Kxg7
28. h3 Ne3 29. Nxe3 Rxe3 30. Kg2 Rae8 31. Nd4 a6 32. Rf3 R3e4 33. Rd3 Nb6 34.
Rdd2 Re3 35. Nf3 R3e4 36. c5 Nc4 37. cxd6 cxd6 38. Rd3 Ne3+ 39. Rxe3 Rxe3 40.
Rc6 Re2+ 41. Kf1 Rxa2 42. Rxd6 Ree2 43. Ng1 Reb2 0-1

[Event "Ch-Fra Fem"]
[Site "Meribel"]
[Date "1998.08.27"]
[Round "8"]
[White "Sahetchian, Armine"]
[Black "Dacalor, Aurelie"]
[Result "1-0"]
[WhiteElo "2110"]
[BlackElo "210"]
[PlyCount "47"]
[EventDate "1998.08.??"]

1. e4 Nf6 2. Nc3 d5 3. exd5 Nxd5 4. Bc4 c6 5. Qf3 e6 6. Nge2 Nd7 7. d4 N7b6 8.
Bb3 Bd7 9. O-O Qc7 10. Ne4 f5 11. N4g3 O-O-O 12. c4 Nf6 13. Bf4 Bd6 14. Bxd6
Qxd6 15. c5 Qe7 16. cxb6 axb6 17. Rfe1 g5 18. Nc3 Qd6 19. Qe2 Rde8 20. Qe5 Qf8
21. Na4 Ne4 22. Nxb6+ Kd8 23. Qb8+ Ke7 24. Qc7 1-0

[Event "Ch-Fra Fem"]
[Site "Meribel"]
[Date "1998.08.28"]
[Round "9"]
[White "Bramme, Emmanuelle"]
[Black "Flear, Christine"]
[Result "1/2-1/2"]
[WhiteElo "2105"]
[BlackElo "2230"]
[PlyCount "28"]
[EventDate "1998.08.??"]

1. d4 g6 2. Nf3 Bg7 3. c4 d6 4. Nc3 Nf6 5. e4 O-O 6. Be3 e5 7. dxe5 dxe5 8.
Qxd8 Rxd8 9. Nd5 Na6 10. O-O-O Re8 11. c5 Nxd5 12. exd5 Bf8 13. Bb5 Bf5 14.
Bxe8 Rxe8 1/2-1/2

[Event "Ch-Fra Fem"]
[Site "Meribel"]
[Date "1998.08.28"]
[Round "9"]
[White "Dacalor, Aurelie"]
[Black "Husson, Cybele"]
[Result "1-0"]
[WhiteElo "210"]
[BlackElo "2065"]
[PlyCount "93"]
[EventDate "1998.08.??"]

1. d4 Nf6 2. c4 g6 3. Nc3 Bg7 4. e4 d6 5. f4 O-O 6. Nf3 c5 7. d5 e6 8. Be2 exd5
9. cxd5 Bg4 10. O-O Nfd7 11. h3 Bxf3 12. Bxf3 Na6 13. Be3 Nc7 14. a4 f5 15. e5
dxe5 16. d6 Ne8 17. Bxb7 Rb8 18. Bd5+ Kh8 19. fxe5 Bxe5 20. Bh6 Ng7 21. Nb5 Rb6
22. Nxa7 Bd4+ 23. Kh1 Rxd6 24. Nc6 Qf6 25. Bxg7+ Kxg7 26. Nxd4 cxd4 27. Bc4 Rb8
28. b3 Ne5 29. Bb5 g5 30. Qc2 Rf8 31. a5 d3 32. Qf2 Nc6 33. a6 d2 34. Bxc6 Rxc6
35. Qxd2 Rxa6 36. Rxa6 Qxa6 37. Qxg5+ Qg6 38. Qf4 Qa6 39. Rf3 Qf6 40. b4 h6 41.
Kh2 Qe7 42. Rg3+ Kh7 43. Re3 Qd7 44. Rc3 Rf7 45. Rc5 Kg6 46. b5 Rf6 47. Qg3+
1-0

[Event "Ch-Fra Fem"]
[Site "Meribel"]
[Date "1998.08.28"]
[Round "9"]
[White "Delahaye, Raphaelle"]
[Black "Dubois, Martine"]
[Result "1-0"]
[WhiteElo "2195"]
[BlackElo "2055"]
[PlyCount "59"]
[EventDate "1998.08.??"]

1. c4 e5 2. g3 h5 3. h4 d5 4. Bg2 Nf6 5. cxd5 Nxd5 6. Qa4+ c6 7. Nf3 Bd6 8. Nc3
Nb6 9. Qc2 f5 10. Ng5 Na6 11. a3 Nc5 12. b4 Na6 13. b5 cxb5 14. Nxb5 Bc5 15. a4
Qe7 16. Qb3 e4 17. a5 Nd7 18. Bb2 Ne5 19. O-O Nc6 20. d4 Bb4 21. d5 Nxa5 22.
Qa2 Qc5 23. d6 Qc4 24. Bxg7 Rg8 25. Qb2 Qxb5 26. Qf6 Rxg7 27. Qxg7 Bxd6 28.
Rfd1 Qe5 29. Qf7+ Kd8 30. Rxa5 1-0

[Event "Ch-Fra Fem"]
[Site "Meribel"]
[Date "1998.08.28"]
[Round "9"]
[White "Klipper, Rebecca"]
[Black "Lebel, Julia"]
[Result "1-0"]
[WhiteElo "2055"]
[BlackElo "2095"]
[PlyCount "81"]
[EventDate "1998.08.??"]

1. e4 g6 2. Nc3 Bg7 3. f4 e6 4. Bc4 b6 5. Nf3 Bb7 6. Qe2 Ne7 7. d3 d6 8. O-O
O-O 9. Bb3 c5 10. Nd1 Nd7 11. Ne3 b5 12. f5 exf5 13. exf5 d5 14. fxg6 hxg6 15.
c3 Nf6 16. Qf2 Bc8 17. Ng5 Qd6 18. Qh4 Re8 19. Bd2 Bf5 20. Bc2 d4 21. Nxf5 gxf5
22. Bb3 c4 23. dxc4 Ng6 24. Qxd4 Rad8 25. Qxd6 Rxd6 26. Be1 Re2 27. c5 Rd7 28.
c6 Rde7 29. Bxf7+ Rxf7 30. Nxf7 Kxf7 31. c7 Re8 32. Rxf5 Rc8 33. Bg3 a6 34. Rd1
Ne7 35. Rf3 Ke8 36. Rfd3 Nc6 37. Rd6 Rxc7 38. Rxf6 Bxf6 39. Bxc7 Ne7 40. Re1
Kf7 41. Bd8 1-0

[Event "Ch-Fra Fem"]
[Site "Meribel"]
[Date "1998.08.28"]
[Round "9"]
[White "Muller, Anne"]
[Black "Sahetchian, Armine"]
[Result "1/2-1/2"]
[WhiteElo "2095"]
[BlackElo "2110"]
[PlyCount "91"]
[EventDate "1998.08.??"]

1. e4 d5 2. exd5 Qxd5 3. Nc3 Qa5 4. d4 Nf6 5. Nf3 Bg4 6. h3 Bh5 7. g4 Bg6 8.
Ne5 e6 9. h4 Be4 10. Nc4 Qb4 11. a3 Qe7 12. Nxe4 Nxe4 13. Qf3 Nd6 14. Nxd6+
cxd6 15. Bb5+ Kd8 16. Bd2 Qc7 17. O-O-O Nc6 18. Bg5+ Be7 19. Bxe7+ Kxe7 20. d5
Ne5 21. Qe2 a6 22. Ba4 Qc4 23. Qxc4 Nxc4 24. Bb3 Rac8 25. Rhe1 e5 26. Rd4 b5
27. Bxc4 Rxc4 28. Rxc4 bxc4 29. Re4 Rc8 30. Kd2 Rc5 31. Kc3 Rxd5 32. Rxc4 Ke6
33. f3 Rd1 34. f4 d5 35. Rc6+ Kd7 36. Rxa6 e4 37. Ra7+ Ke8 38. Ra8+ Kd7 39.
Ra7+ Ke8 40. Ra8+ Kd7 41. Ra7+ Ke8 42. Ra8+ Kd7 43. Ra7+ Kd6 44. Ra6+ Kd7 45.
Ra7+ Kd6 46. Ra6+ 1/2-1/2

[Event "Ch-Fra Fem"]
[Site "Meribel"]
[Date "1998.08.30"]
[Round "10"]
[White "Bramme, Isabelle"]
[Black "Klipper, Rebecca"]
[Result "1-0"]
[WhiteElo "2000"]
[BlackElo "2055"]
[PlyCount "71"]
[EventDate "1998.08.??"]

1. e4 d5 2. exd5 Qxd5 3. Nf3 Nf6 4. Be2 Bg4 5. d4 e6 6. O-O Be7 7. c4 Qd8 8.
Be3 O-O 9. Ne5 Bxe2 10. Qxe2 Nfd7 11. Rd1 c6 12. Nc3 Qc7 13. Ng4 Nf6 14. d5
cxd5 15. cxd5 Nxd5 16. Nxd5 exd5 17. Nh6+ Kh8 18. Bd4 f6 19. Nf5 Bd6 20. Nxd6
Qxd6 21. Rac1 Nd7 22. Qb5 b6 23. Rc6 Qe7 24. Rc7 Rfd8 25. Bc3 Qd6 26. Rc6 Qe7
27. Re1 Qf7 28. Rc7 a6 29. Qc6 d4 30. Bxd4 Re8 31. Rd1 Qh5 32. Rc1 Qe2 33. Be3
Nc5 34. b4 Nd3 35. Qxa8 Qh5 36. Rc8 1-0

[Event "Ch-Fra Fem"]
[Site "Meribel"]
[Date "1998.08.29"]
[Round "10"]
[White "Delahaye, Raphaelle"]
[Black "Bramme, Emmanuelle"]
[Result "1-0"]
[WhiteElo "2195"]
[BlackElo "2105"]
[PlyCount "66"]
[EventDate "1998.08.??"]

1. c4 e6 2. g3 d5 3. Bg2 Nf6 4. Nf3 Be7 5. O-O O-O 6. Qc2 c5 7. cxd5 exd5 8. d4
Qb6 9. dxc5 Qxc5 10. Qxc5 Bxc5 11. Nc3 Be6 12. Na4 Be7 13. Be3 Na6 14. Rac1 b6
15. Nd4 Rac8 16. Rxc8 Rxc8 17. Rc1 Rxc1+ 18. Bxc1 Bd7 19. Nc3 Nb4 20. a3 Nc6
21. Ndb5 a6 22. Nc7 d4 23. Na4 d3 24. exd3 Nd4 25. Nc3 a5 26. Be3 Bd8 27. N3d5
Nc2 28. Bxb6 Ne1 29. Nxf6+ Bxf6 30. d4 h5 31. Be4 Bh3 32. Bxa5 Bd8 33. Bxe1
Bxc7 1-0

[Event "Ch-Fra Fem"]
[Site "Meribel"]
[Date "1998.08.29"]
[Round "10"]
[White "Dubois, Martine"]
[Black "Sahetchian, Armine"]
[Result "1/2-1/2"]
[WhiteElo "2055"]
[BlackElo "2110"]
[PlyCount "57"]
[EventDate "1998.08.??"]

1. e4 Nf6 2. e5 Nd5 3. d4 d6 4. c4 Nb6 5. exd6 exd6 6. Nc3 Be7 7. Be3 O-O 8. h3
N8d7 9. Nf3 Nf6 10. b3 Bf5 11. Bd3 Bxd3 12. Qxd3 Re8 13. O-O d5 14. c5 Nbd7 15.
Rfe1 c6 16. Bf4 Nf8 17. Ng5 Nh5 18. Bd2 Bxg5 19. Rxe8 Qxe8 20. Bxg5 Ne6 21. Re1
Qf8 22. Bd2 g6 23. g4 Nf6 24. f4 Qg7 25. Kh1 Nd7 26. Ne2 Qf6 27. g5 Qg7 28. Be3
Re8 29. Rf1 1/2-1/2

[Event "Ch-Fra Fem"]
[Site "Meribel"]
[Date "1998.08.29"]
[Round "10"]
[White "Husson, Cybele"]
[Black "Muller, Anne"]
[Result "1/2-1/2"]
[WhiteElo "2065"]
[BlackElo "2095"]
[PlyCount "125"]
[EventDate "1998.08.??"]

1. e4 c5 2. d3 Nc6 3. g3 g6 4. Bg2 Bg7 5. f4 d6 6. Nf3 e5 7. fxe5 dxe5 8. Nc3
Nge7 9. Be3 Nd4 10. Qd2 O-O 11. O-O Rb8 12. Rf2 f6 13. Raf1 Be6 14. Kh1 Qd7 15.
a3 b6 16. Ng1 Rbc8 17. Bh6 b5 18. Bxg7 Kxg7 19. Nd1 c4 20. Ne3 cxd3 21. Qxd3 a6
22. Rd1 Rcd8 23. Rfd2 Bg4 24. Nxg4 Qxg4 25. c3 Ndc6 26. Qc2 Qc8 27. Bh3 Rxd2
28. Rxd2 Qb8 29. Qd1 Rd8 30. Rd7 Rxd7 31. Qxd7 Qd8 32. Nf3 Qxd7 33. Bxd7 Kf7
34. Nd2 Na5 35. Kg2 Nb7 36. b4 Nd6 37. Kf3 f5 38. Ke3 Ng8 39. Bc6 Nf6 40. h3
Ke6 41. a4 bxa4 42. exf5+ Nxf5+ 43. Kf3 a3 44. Ba4 e4+ 45. Nxe4 Nxe4 46. Kxe4
Nxg3+ 47. Kd3 Kd6 48. Kc2 Ne2 49. Kb3 a2 50. Kxa2 Nxc3+ 51. Kb3 Nxa4 52. Kxa4
Kc6 53. Ka5 Kb7 54. b5 axb5 55. Kxb5 Kc7 56. Kc5 Kd7 57. Kd5 Ke7 58. Ke5 Kf7
59. h4 Ke7 60. h5 Kf7 61. hxg6+ hxg6 62. Kf4 Kf6 63. Kg4 1/2-1/2

[Event "Ch-Fra Fem"]
[Site "Meribel"]
[Date "1998.08.29"]
[Round "10"]
[White "Lebel, Julia"]
[Black "Dacalor, Aurelie"]
[Result "1-0"]
[WhiteElo "2095"]
[BlackElo "210"]
[PlyCount "82"]
[EventDate "1998.08.??"]

1. d4 g6 2. e4 Nf6 3. e5 Nd5 4. c4 Nb6 5. Nc3 d6 6. exd6 cxd6 7. Nf3 Bg7 8. Be3
O-O 9. Be2 Bg4 10. Nd2 Bxe2 11. Qxe2 Re8 12. O-O f5 13. Nf3 e6 14. Rfd1 Qe7 15.
Rac1 N8d7 16. b3 h6 17. h4 Rac8 18. Qd2 Kh7 19. Re1 e5 20. dxe5 dxe5 21. h5 g5
22. Nb5 f4 23. Bxb6 Nxb6 24. Nd6 Rc6 25. Nxe8 Qxe8 26. Qd3+ Kh8 27. Qf5 Re6 28.
Rcd1 Nd7 29. Nd4 Re7 30. Nb5 Nf6 31. Qg6 Nxh5 32. Qxe8+ Rxe8 33. Rd7 Nf6 34.
Rxb7 Nd5 35. Nd6 Re6 36. c5 Bf8 37. Ne4 Rc6 38. b4 Ra6 39. Re2 Ra3 40. Rd2 Kg8
41. f3 Re3 1-0